000 00288nam a2200121Ia 4500
008 140130s9999 xx 000 0 und d
245 _cNagda, Ann Whitehead
_aDear whiskers
260 _bScholastic,
_c2000
440 _v1
521 _aGrade 1 - Grade 2
942 _cBK
999 _c40236
_d40236